02284nam a2200421 i 4500001001000000003000900010005001700019007000300036008004100039020001800080040003000098041000800128082001900136100006500155245012100220250002200341264006000363300005600423336002700479337003300506338002800539490004200567500007400609500006000683500003400743504003000777590002700807700004700834710006700881910001400948942001400962952016500976952019501141952019501336952015401531952016001685999001701845000045883DO-SdBNP20251015072146.0ta150526s2015 dr ac 000 0 spa d a9789945586244 aDO-SdBNPbspacBNPHUerda aspa axxxxbB6622221 aBofill Pérez, María Antonia,d1954-eautora4aut.97395013aLa olvidada expedición a Santo Domingo en 1959 /cMaría Antonia Bofill Pérez ; presentación Ángela Peña. aPrimera edición 1aSanto Domingo :bArchivo General de la Nación,c2015. a204 páginas :bilustraciones, retratos. ;c23 cm. atextobtxt2rdacontent asin mediaciónbn2rdamedia avolumenbnc2rdacarrier0 aArchivo General de la Nación ;v229 aIncluye referencias bibliográficas y notas al pie de las páginas. aIncluye datos biográficos de la autora en las solapas aIncluye índice onomástico aBibliografía p: 183-184 aInventariado, 2025/ YL12aPeña, Ángela,epresentador9377224pr.2 aArchivo General de la Nación (República Dominicana)985400 aYLockward 2ddccLBS1 00102ddc56708DSaBNPHUbBNPHUcCTd2015-05-14eDepósito LegaliLF1l0oBNPHU DS xxx xxxxp45883-30r2020-06-25te. 3w2020-06-25yLBS1ZPréstamo en sala 00102ddc56708DSaBNPHUbBNPHUcCTd2015-06-08eDonado por el Archivo General de la Nación iLF1l0oBNPHU PD xxxx xxxxp45883-40r2020-06-25te. 4w2020-06-25yLBS1ZPréstamo en sala 00102ddc56708DSaBNPHUbBNPHUcHDd2015-06-08eDonado por el Archivo General de la Nación iLF1l0oBNPHU DS xxxx xxxxp45883-50r2020-06-25te. 5w2020-06-25yLBS1ZPréstamo en sala 00102ddc51708PDaBNPHUbBNPHUcCTd2015-05-14eDepósito LegaliLF1l0oBNPHU PD xxxx xxxxp45883-10r2020-06-25w2020-06-25yLBS1ZNo se presta 00102ddc51708PDaBNPHUbBNPHUcCTd2015-05-14eDepósito LegaliLF1l0oBNPHU PD xxxx xxxxp45883-20r2020-06-25te. 2w2020-06-25yLBS1ZNo se presta c45372d45372